Management of higher education institutions a special program for Vice-Chancellor and Excutive Directors

Tài liệu là các bản sao chụp khác nhau nói về các lĩnh vực quản lí trong trường Đại học được đóng thành một tập.

שמור ב:
מידע ביבליוגרפי
מחבר ראשי: Gadi Harel
פורמט: ספר
שפה:Undetermined
יצא לאור: Galillee College
נושאים:
תגים: הוספת תג
אין תגיות, היה/י הראשונ/ה לתייג את הרשומה!
Thư viện lưu trữ: Trung tâm Học liệu Trường Đại học Cần Thơ
LEADER 00688nam a2200169Ia 4500
001 CTU_44192
008 210402s9999 xx 000 0 und d
082 |a 378.1 
082 |b M266g 
100 |a Gadi Harel 
245 0 |a Management of higher education institutions 
245 2 |b a special program for Vice-Chancellor and Excutive Directors 
245 0 |c Gadi Harel 
260 |b Galillee College 
520 |a Tài liệu là các bản sao chụp khác nhau nói về các lĩnh vực quản lí trong trường Đại học được đóng thành một tập. 
650 |a universities and colleges 
980 |a Trung tâm Học liệu Trường Đại học Cần Thơ